Ölü bir evden anılar (Record no. 586)

MARC details
000 -BAŞLIK
Sabit Uzunlukta Kontrol Alanı 00582na a2200205 4500
001 - KONTROL NUMARASI
Denetim Alanı 16008
003 - KONTROL NUMARASI IDENTIFIER
Denetim Alanı MIRAKIL
005 - SON İŞLEM TARİHİ VE ZAMANI
Denetim Alanı 20181213154754.0
008 - SABİT-BOY VERİ ELEMANLARI - GENEL BİLGİLER
Sabit Uzunlukta Kontrol Alanı 160928b tu 000 0
040 ## - KATALOGLAMA KAYNAK
Orijinal Kataloglama Ajansı Milas
Kataloglama Dili tur
Metne Dönüştürmek Ajansı TR-AnCHP
082 ## - DEWEY ONLU SINIFLANDIRMA NUMARASI
Sınıflandırma Numarası 891.73
Ürün Numarası D67ö 1969
090 ## - SINIFLAMA NUMARASI
Sınıflama Numarası 891.73 D67ö 1969
100 ## - ANA GİRİŞ - KİŞİSEL İSİM
Kişisel Ad Dostoyevski
245 ## - BAŞLIK TABLOSU
Başlık Ölü bir evden anılar
Sorumluluk Tablosu, Vb Dostoyevski ; Rusça aslından çeviren Nihal Yalaza Taluy
260 ## - YAYIN, DAĞITIM, VB
Yayın, Dağıtım, Vb Yeri İstanbul
Yayıncı, Dağıtıcı, Vs Adı Cem yayınevi
Yayın, Dağıtım, Vb Tarihi 1969
300 ## - FİZİKSEL TANIM
Kapsam 368 s.
Boyutlar 19 sm.
650 ## - KONU KATMA GİRİŞ - TOPİKAL DÖNEM
Topikal Süreli Veya Coğrafi Ad Giriş Elemanı Rus edebiyatı
Genel Alt Bölümü Roman
700 ## - KATMA GİRİŞ - KİŞİSEL İSİM
Kişisel Ad Taluy, Nihal Yalaza
942 ## - EKLENDİ GİRİŞ ELEMANLARI (KOHA)
Sınıflandırma Veya Raf Düzeni Kaynak Dewey Decimal Classification
Koha Öğesi Türü Books
999 ## - SİSTEM KONTROL NUMARALARI (KOHA)
Koha Biblionumber 586
Koha Biblioitemnumber 586
Holdings
Kalıcı Konum Mevcut Konum Edinme Tarihi Edinim Kaynak Toplam Check-Out'Lar Toplam Yenileme Tam Çağrı Numarası Barkod Tarih Son Görülme Tarihi Geçen Teslim İtibaren Geçerli Fiyatlar Koha Öğesi Türü
CHP Kütüphanesi CHP Kütüphanesi 09/28/2016 Bağış 1 3 891.73 D67ö 1969 004289 05/17/2021 10/20/2020 09/28/2016 Books